| 000 | 00726nam a2200205 u 4500 | ||
|---|---|---|---|
| 005 | 20210223130558.0 | ||
| 008 | 080804s2007 r 000 0 eng d | ||
| 020 | _a9706909486 | ||
| 035 | _aUPN01000158834 | ||
| 049 | _aI | ||
| 050 | 4 |
_aT39 _bC5.3 |
|
| 245 | 0 | 0 |
_a100 grandes inventores / _ctr. Adriana de la Torre Fernández. |
| 260 |
_aMéxico : _bDestino, _cc2007. |
||
| 300 |
_a45 p. : _bil. col. |
||
| 500 | _aEn la cubierta: "Un detallado recuento de las vidas de inventores famosos cuyas creaciones han hecho la vida en la Tierra mucho más sencilla." | ||
| 534 |
_pTítulo original: _t100 great inventors |
||
| 650 | 4 |
_aINVENTORES _911885 |
|
| 650 | 4 |
_aINVENTOS - _vLITERATURA INFANTIL _911235 |
|
| 905 | _aInfantil | ||
| 999 |
_c130948 _d130948 |
||